MARC details
| 000 -LEADER |
| fixed length control field |
01972nam a22003377a 4500 |
| 005 - DATE AND TIME OF LATEST TRANSACTION |
| control field |
20260217163207.0 |
| 008 - FIXED-LENGTH DATA ELEMENTS--GENERAL INFORMATION |
| fixed length control field |
260217b2018 nyu||||| |||| 00| 0 eng d |
| 020 ## - INTERNATIONAL STANDARD BOOK NUMBER |
| International Standard Book Number |
9781138554993 |
| 040 ## - CATALOGING SOURCE |
| Original cataloging agency |
aue |
| Transcribing agency |
eng |
| Description conventions |
rda |
| 041 ## - LANGUAGE CODE |
| Language code of text/sound track or separate title |
eng |
| 050 #0 - LIBRARY OF CONGRESS CALL NUMBER |
| Classification number |
JZ5675 |
| Item number |
.R68 2018 |
| 245 00 - TITLE STATEMENT |
| Title |
Routledge handbook of nuclear proliferation and policy / |
| Statement of responsibility, etc. |
edited by Joseph F. Pilat and Nathan E. Busch. |
| 250 ## - EDITION STATEMENT |
| Edition statement |
First edition. |
| 264 #1 - PRODUCTION, PUBLICATION, DISTRIBUTION, MANUFACTURE, AND COPYRIGHT NOTICE |
| Place of production, publication, distribution, manufacture |
New York |
| Name of producer, publisher, distributor, manufacturer |
Routledge, |
| Date of production, publication, distribution, manufacture, or copyright notice |
2018. |
| 300 ## - PHYSICAL DESCRIPTION |
| Extent |
521 pages: |
| Other physical details |
illustrations ; |
| Dimensions |
26 cm |
| 336 ## - CONTENT TYPE |
| Source |
rdacontent |
| Content type term |
text |
| Content type code |
txt |
| 337 ## - MEDIA TYPE |
| Source |
rdamedia |
| Media type term |
unmediated |
| Media type code |
n |
| 338 ## - CARRIER TYPE |
| Source |
rdacarrier |
| Carrier type term |
volume |
| Carrier type code |
nc |
| 504 ## - BIBLIOGRAPHY, ETC. NOTE |
| Bibliography, etc. note |
Includes bibliographical references and index.<br/> |
| 520 ## - SUMMARY, ETC. |
| Summary, etc. |
Successful engineers need more than strong technical skills; they also need a rock-solid ethical foundation. ENGINEERING ETHICS, Sixth Edition, equips you with the tools for the highest ethical standards and practice. It helps you understand the importance of your conduct as a future professional engineer and shows how your actions can affect the health, safety and welfare of the public and environment. Packed with examples of engineering achievements and failures, it offers intriguing case studies to give you hands-on experience grappling with modern-day ethical dilemmas, and a proven method for analysis walks you step by step through ethical problem-solving techniques. It emphasizes practical application of the Engineering Code of Ethics, sustainability and economic development, risk management, globalized standards for engineering and future challenges relating to evolving technology.<br/> |
| 650 #0 - SUBJECT ADDED ENTRY--TOPICAL TERM |
| Topical term or geographic name entry element |
Nuclear nonproliferation. |
| 650 #0 - SUBJECT ADDED ENTRY--TOPICAL TERM |
| Topical term or geographic name entry element |
Nuclear arms control. |
| 650 #0 - SUBJECT ADDED ENTRY--TOPICAL TERM |
| Topical term or geographic name entry element |
Nuclear weapons |
| General subdivision |
Government policy. |
| 650 #0 - SUBJECT ADDED ENTRY--TOPICAL TERM |
| Topical term or geographic name entry element |
Nuclear Security. |
| 650 #0 - SUBJECT ADDED ENTRY--TOPICAL TERM |
| Topical term or geographic name entry element |
Terrorism. |
| 650 #0 - SUBJECT ADDED ENTRY--TOPICAL TERM |
| Topical term or geographic name entry element |
International security. |
| 700 1# - ADDED ENTRY--PERSONAL NAME |
| Personal name |
ilat, Joseph F. |
| Relator term |
editor. |
| 700 1# - ADDED ENTRY--PERSONAL NAME |
| Personal name |
Busch, Nathan E. |
| Relator term |
editor. |
| 942 ## - ADDED ENTRY ELEMENTS (KOHA) |
| Source of classification or shelving scheme |
Library of Congress Classification |
| Koha item type |
Books |
| Suppress in OPAC |
No |